Annuario delle biblioteche italiane, ii (g-m) /
Guardado en:
| Formato: | Libro |
|---|---|
| Publicado: |
Roma :
Fratelli Palombi,
1969
|
| Etiquetas: |
Agregar Etiqueta
Sin Etiquetas, Sea el primero en etiquetar este registro!
|
| LEADER | 00403nam a22001335a 4500 | ||
|---|---|---|---|
| 001 | EHU.bham024140 | ||
| 003 | AR-BHAM | ||
| 005 | 20130507105905.0 | ||
| 008 | 130507s1969##################000#0#####d | ||
| 082 | 0 | 2 | |a 027.045 |
| 245 | 0 | 0 | |a Annuario delle biblioteche italiane, ii (g-m) / |
| 260 | |a Roma : |b Fratelli Palombi, |c 1969 | ||
| 300 | |a 455 p. | ||
| 859 | |a AR-BHAM |b BIB. HUMANIDADES - General |h 027.045 |i AN72 |p 212.85 |t Ej.1 |v II |3 II | ||
